Vplyv jednotlivých druhov kapitálu na investičné rozhodovanie podniku diplomová práca

Gespeichert in:
Bibliographische Detailangaben
1. Verfasser: Turečková, Monika
Körperschaft: Národohospodárska fakulta EU. Katedra financií
Weitere Verfasser: Pauhofová, Iveta
Format: Buch
Sprache:Slowakisch
Veröffentlicht: Bratislava 2008
Tags: Tag hinzufügen
Keine Tags, Fügen Sie das erste Tag hinzu!

MARC

LEADER 00000nam$a2200000$$$4500
001 0078805
005 20230113082317.4
041 0 |a slo 
044 |a SK 
245 1 0 |a Vplyv jednotlivých druhov kapitálu na investičné rozhodovanie podniku  |b diplomová práca  |c Monika Turečková ; škol. Iveta Pauhofová 
264 1 |a Bratislava  |c 2008 
300 |a 69 s. 
100 1 |a Turečková, Monika 
700 1 |a Pauhofová, Iveta 
710 2 |a Národohospodárska fakulta EU. Katedra financií